Statistics for Authors around the World

Click here to take the quiz!

General Stats

  • This quiz has been taken 28 times
    (8 since last reset)
  • The average score is 15 of 33

Answer Stats

BookAuthorThe Authors' Country% Correct
Harry PotterJ.K RowlingUnited Kingdom
100%
David Copperfield / Oliver TwistCharles DickensUnited Kingdom
86%
The Old Man and the Sea / A Farewell to ArmsErnest HemingwayUnited States
71%
The Idiot / The Brothers KaramazovFyodor DostoyevskyRussia
71%
UlyssesJames JoyceIreland
71%
War and Peace / Ana KareninaLeo TolstoyRussia
71%
The Jungle BookRudyard KiplingIndia
71%
Les MiserablesVictor HugoFrance
71%
The Man with the Iron Mask / The Three MusketeersAlexandre DumasFrance
57%
Jane EyreCharlotte BronteUnited Kingdom
57%
Wuthering HeightsEmily BronteUnited Kingdom
57%
The Metamorphosis /The TrialFranz KafkaCzechia
57%
Gulliver's TravelsJonathan SwiftIreland
57%
20,000 Leagues Under the SeaJules VerneFrance
57%
Around the World in 80 daysJules VerneFrance
57%
The Adventure of Tom Sawyer / The Prince and the PauperMark TwainUnited States
57%
The Picture of Dorian Grey / The Happy PrinceOscar WildeIreland
57%
The Body in the LibraryAgatha ChristieUnited Kingdom
43%
Robinson CrusoeDaniel DefoeUnited Kingdom
43%
In Search of Lost TimeMarcel ProustFrance
43%
Mrs DallowayVirginia WoolfUnited Kingdom
43%
The Plague / The StrangerAlbert CamusAlgeria
29%
Madame BovaryGustave FlaubertFrance
29%
Diary of a Wimpy KidJeff KinneyUnited States
29%
The AlchemistPaulo CoelhoBrazil
29%
LolitaVladimir NabokovRussia
29%
How to train your dragonCressida CowellUnited Kingdom
14%
The Phantom of the OperaGaston LerouxFrance
14%
Alice's Adventures in WonderlandLewis CarolUnited Kingdom
14%
The Great GatsbyF. Scott FitzegeraldUnited States
0%
Invisible CitiesItalo CalvinoItaly
0%
Sugar streetNaguib MahfouzEgypt
0%
The Sleeping BeautyThe Grim BrothersGermany
0%

Score Distribution

Percentile by Number Answered

Percent of People with Each Score

Your Score History

You have not taken this quiz since the last reset